| 000 | 00878nac a22002897a 4500 | ||
|---|---|---|---|
| 001 | BR7311054 | ||
| 003 | BR-BrBNA | ||
| 005 | 20240105113628.0 | ||
| 008 | 230509b bl.|||m| |||| 00| 0 por d | ||
| 040 |
_aBR-BrBNA _bpor _cBiblioteca Nacional de Agricultura |
||
| 072 | _aL00; E10; E70 | ||
| 090 | _a5213 BR7311054 | ||
| 100 | 1 | _aDias, G.L. da S. | |
| 110 | 1 |
_aAssociacao Nacional de Programacao Economica e Social, Sao Paulo, SP (Brasil) _9666 |
|
| 245 | 1 | _aAlguns aspectos da pecuaria de corte da Regiao Centro Sul [Brasil] | |
| 260 | 3 |
_aSao Paulo, SP (Brasil): _c1971. |
|
| 300 | _a62 p. | ||
| 490 |
_aEstudos ANPES (Brazil) _vno. 7 _x |
||
| 650 | _aGADO DE CORTE | ||
| 650 | _aCARNE | ||
| 650 | _aPRECO | ||
| 650 | _aCONSUMO | ||
| 650 | _aMERCADO | ||
| 650 | _aREGIAO CENTRO-SUL | ||
| 909 |
_a202312 _bLúcia Elande _c55 _dLúcia Elande |
||
| 942 |
_2AGRIS _n0 _cMS |
||
| 999 |
_c264725 _d264725 |
||